| 000 | 00569nam a2200121Ia 4500 | ||
|---|---|---|---|
| 008 | 220615s9999||||xx |||||||||||||| ||und|| | ||
| 100 | _aCerulli, Anthony | ||
| 245 | 4 |
_aThe Practice of Texts _bEducation and Healing in South India (Edition 1) |
|
| 546 | _aEnglish[eng] | ||
| 650 | _aReligion||Hinduism||History||Asia||India & South Asia||Medical||Alternative & Complementary Medicine | ||
| 856 | _uhttps://library.oapen.org/bitstream/20.500.12657/52898/1/external_content.epub||https://library.oapen.org/bitstream/20.500.12657/52898/1/external_content.epub | ||
| 942 | _cEB | ||
| 999 |
_c12323 _d12323 |
||